[Event "O pohar mesta Ricany 2016"]
[Site "Kulturni centrum Labut, 17. Listopadu 214 25101 Ricany"]
[Date "2016.09.01"]
[Round "7.2"]
[White "Skalicky, Tomas"]
[Black "Vojta, Tomas"]
[Result "1-0"]
[WhiteElo "2110"]
[BlackElo "2384"]
[PlyCount "0"]
[EventDate "2016.09.01"]

1. c4 {[%clk 1:30:56]} Nc6 {[%clk 1:29:47]} 2. Nc3 {[%clk 1:31:10]} e5
{[%clk 1:29:56]} 3. g3 {[%clk 1:31:26]} g6 {[%clk 1:29:43]} 4. Bg2
{[%clk 1:31:49]} Bg7 {[%clk 1:30:07]} 5. e3 {[%clk 1:32:00]} d6 {[%clk 1:28:43]}
6. Nge2 {[%clk 1:31:32]} f5 {[%clk 1:27:48]} 7. d3 {[%clk 1:29:11]} Nf6
{[%clk 1:26:21]} 8. O-O {[%clk 1:28:41]} O-O {[%clk 1:26:10]} 9. Rb1
{[%clk 1:28:09]} Nh5 {[%clk 1:22:37]} 10. f4 {[%clk 1:23:28]} Be6
{[%clk 1:14:27]} 11. Nd5 {[%clk 1:15:04]} Qd7 {[%clk 1:10:49]} 12. b4
{[%clk 1:14:11]} Rae8 {[%clk 1:03:17]} 13. b5 {[%clk 1:07:39]} Nd8
{[%clk 1:00:51]} 14. Qa4 {[%clk 1:06:45]} c6 {[%clk 0:58:24]} 15. Ndc3
{[%clk 1:03:38]} e4 {[%clk 0:51:26]} 16. bxc6 {[%clk 0:50:04]} bxc6
{[%clk 0:51:25]} 17. dxe4 {[%clk 0:45:53]} fxe4 {[%clk 0:49:17]} 18. Bxe4
{[%clk 0:44:03]} Bh3 {[%clk 0:42:06]} 19. Bg2 {[%clk 0:43:19]} Nf6
{[%clk 0:40:51]} 20. Rd1 {[%clk 0:36:07]} Bxg2 {[%clk 0:37:46]} 21. Kxg2
{[%clk 0:36:28]} Qf5 {[%clk 0:35:30]} 22. Nd4 {[%clk 0:27:42]} Qh5
{[%clk 0:27:54]} 23. Rd3 {[%clk 0:19:30]} Ng4 {[%clk 0:21:19]} 24. h3
{[%clk 0:17:55]} Nxe3+ {[%clk 0:20:37]} 25. Bxe3 {[%clk 0:17:57]} Rxe3
{[%clk 0:21:00]} 26. Rxe3 {[%clk 0:18:06]} Bxd4 {[%clk 0:21:24]} 27. Rd3
{[%clk 0:17:59]} Bxc3 {[%clk 0:15:38]} 28. Rxc3 {[%clk 0:18:24]} Re8
{[%clk 0:15:43]} 29. Qd1 {[%clk 0:17:10]} Qc5 {[%clk 0:14:02]} 30. Rb8
{[%clk 0:15:53]} Qa5 {[%clk 0:13:05]} 31. Qd2 {[%clk 0:16:12]} Qc7
{[%clk 0:13:04]} 32. Rbb3 {[%clk 0:14:45]} Ne6 {[%clk 0:13:05]} 33. Re3
{[%clk 0:14:32]} Kf7 {[%clk 0:12:59]} 34. Qb4 {[%clk 0:12:40]} Re7
{[%clk 0:12:46]} 35. Kf1 {[%clk 0:12:27]} Nc5 {[%clk 0:11:37]} 36. Rxe7+
{[%clk 0:11:27]} Qxe7 {[%clk 0:11:58]} 37. Ra3 {[%clk 0:11:45]} a6
{[%clk 0:10:43]} 38. Qe1 {[%clk 0:11:21]} Qf6 {[%clk 0:10:31]} 39. Re3
{[%clk 0:10:52]} Qd4 {[%clk 0:05:46]} 40. Re7+ {[%clk 0:08:42]} Kf6
{[%clk 0:06:06]} 41. Qe2 {[%clk 0:08:44]} a5 {[%clk 0:04:37]} 42. Kg2
{[%clk 0:06:32]} d5 {[%clk 0:03:35]} 43. Qe5+ {[%clk 0:06:30]} Qxe5
{[%clk 0:04:03]} 44. Rxe5 {[%clk 0:06:56]} Nd3 {[%clk 0:02:34]} 45. Re2
{[%clk 0:07:01]} dxc4 {[%clk 0:02:59]} 46. Kf1 {[%clk 0:05:10]} Nb4
{[%clk 0:02:10]} 47. Ke1 {[%clk 0:05:20]} c3 {[%clk 0:01:53]} 48. Kd1
{[%clk 0:05:43]} h5 {[%clk 0:01:30]} 49. h4 {[%clk 0:04:39]} c5 {[%clk 0:00:54]}
50. a3 {[%clk 0:04:08]} Nc6 {[%clk 0:00:32]} 51. Re3 {[%clk 0:04:34]} Nd4
{[%clk 0:00:34]} 52. Rxc3 {[%clk 0:04:56]} Ne6 {[%clk 0:00:47]} 53. Ke2
{[%clk 0:04:22]} Kf5 {[%clk 0:01:10]} 54. Re3 {[%clk 0:03:58]} Nd4+
{[%clk 0:01:38]} 55. Kd3 {[%clk 0:04:19]} Kg4 {[%clk 0:01:57]} 56. Kc4
{[%clk 0:04:07]} Nf5 {[%clk 0:01:37]} 57. Re6 {[%clk 0:04:28]} Kxg3
{[%clk 0:01:45]} 58. Rxg6+ {[%clk 0:04:53]} Kxf4 {[%clk 0:00:55]} 59. Rg5
{[%clk 0:04:57]} Nd6+ {[%clk 0:01:01]} 60. Kb3 {[%clk 0:04:06]} c4+
{[%clk 0:01:10]} 61. Kc2 {[%clk 0:04:19]} Ke4 {[%clk 0:00:32]} 62. Rxh5
{[%clk 0:04:07]} Kd4 {[%clk 0:00:59]} 63. Rxa5 {[%clk 0:04:22]} c3
{[%clk 0:00:37]} 64. Ra4+ {[%clk 0:04:38]} Nc4 {[%clk 0:01:00]} 1-0

[Event "O pohar mesta Ricany 2016"]
[Site "Kulturni centrum Labut, 17. Listopadu 214 25101 Ricany"]
[Date "2016.09.01"]
[Round "7.3"]
[White "Bures, Jaroslav"]
[Black "Hanl, Frantisek"]
[Result "1-0"]
[WhiteElo "2376"]
[BlackElo "2116"]
[PlyCount "0"]
[EventDate "2016.09.01"]

1. d4 {[%clk 1:30:57]} Nf6 {[%clk 1:19:06]} 2. c4 {[%clk 1:30:00]} c5
{[%clk 1:19:33]} 3. d5 {[%clk 1:29:35]} b5 {[%clk 1:20:01]} 4. cxb5
{[%clk 1:28:29]} a6 {[%clk 1:18:04]} 5. bxa6 {[%clk 1:28:50]} g6 {[%clk 1:18:10]}
6. Nc3 {[%clk 1:29:13]} Bxa6 {[%clk 1:16:12]} 7. Nf3 {[%clk 1:29:05]} d6
{[%clk 1:15:47]} 8. e4 {[%clk 1:28:23]} Bxf1 {[%clk 1:16:09]} 9. Kxf1
{[%clk 1:28:38]} Bg7 {[%clk 1:16:22]} 10. g3 {[%clk 1:26:59]} O-O
{[%clk 1:16:37]} 11. Kg2 {[%clk 1:27:20]} Nbd7 {[%clk 1:17:03]} 12. Qc2
{[%clk 1:23:46]} Qb6 {[%clk 1:17:11]} 13. a4 {[%clk 1:12:43]} Rfb8
{[%clk 1:17:21]} 14. Nb5 {[%clk 1:10:43]} Ne8 {[%clk 1:12:50]} 15. Bd2
{[%clk 0:58:21]} Nc7 {[%clk 1:06:04]} 16. Nxc7 {[%clk 0:58:45]} Qxc7
{[%clk 1:06:27]} 17. Bc3 {[%clk 0:59:11]} Qb7 {[%clk 1:06:43]} 18. Ra3
{[%clk 0:52:39]} Bxc3 {[%clk 1:05:25]} 19. bxc3 {[%clk 0:53:05]} Qb2
{[%clk 1:05:53]} 20. Qxb2 {[%clk 0:53:20]} Rxb2 {[%clk 1:06:16]} 21. a5
{[%clk 0:53:47]} Nb6 {[%clk 1:06:13]} 22. Rha1 {[%clk 0:53:10]} Nc4
{[%clk 1:04:47]} 23. Ra4 {[%clk 0:53:14]} Ne3+ {[%clk 1:04:44]} 24. Kg1
{[%clk 0:53:37]} Ng4 {[%clk 1:04:05]} 25. R4a2 {[%clk 0:49:37]} Rb3
{[%clk 1:04:03]} 26. Rc1 {[%clk 0:41:30]} Ra6 {[%clk 1:03:33]} 27. Nd2
{[%clk 0:38:53]} Rb5 {[%clk 1:04:00]} 28. Nc4 {[%clk 0:39:18]} f5
{[%clk 1:02:14]} 29. exf5 {[%clk 0:31:54]} gxf5 {[%clk 1:02:40]} 30. Re2
{[%clk 0:30:58]} Kf7 {[%clk 0:59:59]} 31. f3 {[%clk 0:27:16]} Nf6
{[%clk 1:00:12]} 32. Rd2 {[%clk 0:27:38]} Nd7 {[%clk 0:58:09]} 33. Kf2
{[%clk 0:27:28]} Ne5 {[%clk 0:58:03]} 34. Nxe5+ {[%clk 0:27:38]} dxe5
{[%clk 0:58:30]} 35. Re1 {[%clk 0:27:24]} Kf6 {[%clk 0:58:46]} 36. Rde2
{[%clk 0:27:26]} Rbxa5 {[%clk 0:58:59]} 37. Rxe5 {[%clk 0:27:41]} Ra2+
{[%clk 0:59:16]} 38. R1e2 {[%clk 0:19:33]} Rxe2+ {[%clk 0:59:02]} 39. Rxe2
{[%clk 0:20:00]} Ra3 {[%clk 0:59:05]} 40. Re6+ {[%clk 0:20:07]} Kf7
{[%clk 0:59:20]} 41. Re3 {[%clk 0:20:28]} Ra1 {[%clk 0:57:17]} 42. Re5
{[%clk 0:20:07]} Kf6 {[%clk 0:57:36]} 43. Re6+ {[%clk 0:20:31]} Kf7
{[%clk 0:58:04]} 44. Rc6 {[%clk 0:20:40]} Ra2+ {[%clk 0:57:07]} 45. Ke3
{[%clk 0:19:42]} Rxh2 {[%clk 0:57:28]} 46. Kf4 {[%clk 0:19:32]} h5
{[%clk 0:57:31]} 47. Rxc5 {[%clk 0:19:07]} 1-0

[Event "O pohar mesta Ricany 2016"]
[Site "Kulturni centrum Labut, 17. Listopadu 214 25101 Ricany"]
[Date "2016.09.01"]
[Round "7.4"]
[White "Rut, Vojtech"]
[Black "Hrdina, Robin"]
[Result "1-0"]
[WhiteElo "2135"]
[BlackElo "2120"]
[PlyCount "0"]
[EventDate "2016.09.01"]

1. d4 Nf6 2. Nc3 g6 3. e4 d6 4. Be3 c6 5. Qd2 b5 6. Bd3 a6 7. Nf3 Bg7 8. Bh6 O-O
9. Bxg7 Kxg7 10. h4 h5 11. e5 Ng4 12. O-O-O Qa5 13. a3 b4 14. Ne4 Qa4 15. Qg5
bxa3 16. bxa3 Qxa3+ 17. Kd2 dxe5 18. Nxe5 Qa5+ 19. Ke2 Nxe5 20. dxe5 Be6 21. g4
Bxg4+ 22. f3 Be6 23. Nf6 Rh8 24. Rhg1 Kf8 25. Qf4 Kg7 26. Rg5 c5 27. Rdg1 Rh6 28.
Rxg6+ Rxg6 29. Rxg6+ fxg6 30. Ne8+ Kg8 31. Qh6 Kf7 32. Bxg6+ 1-0

[Event "O pohar mesta Ricany 2016"]
[Site "Kulturni centrum Labut, 17. Listopadu 214 25101 Ricany"]
[Date "2016.09.01"]
[Round "7.5"]
[White "Balacek, Tadeas"]
[Black "Otruba, Marek"]
[Result "1-0"]
[WhiteElo "2298"]
[BlackElo "1806"]
[PlyCount "0"]
[EventDate "2016.09.01"]

1. Nf3 Nf6 2. c4 e6 3. d4 d5 4. Nc3 c6 5. g3 Be7 6. Bg2 O-O 7. O-O Nbd7 8. Qb3
Qb6 9. Qc2 dxc4 10. e4 Rd8 11. h3 Nf8 12. Be3 Qa5 13. Ne5 Ng6 14. Nxc4 Qc7 15. f4
b5 16. Ne5 a6 17. Nxg6 hxg6 18. e5 Ne8 19. Rac1 Bb7 20. Ne4 Qa5 21. Qc3 Qxc3 22.
Nxc3 Rac8 23. Nb1 Nc7 24. Nd2 Nd5 25. Bxd5 cxd5 26. Nb3 Rxc1 27. Rxc1 Rc8 28. Kf2
Rxc1 29. Bxc1 Kf8 30. Bd2 Ke8 31. Ba5 Kd7 32. Bb6 Kc6 33. Ba7 Bd8 34. Bc5 a5 35.
Bf8 1-0

[Event "O pohar mesta Ricany 2016"]
[Site "Kulturni centrum Labut, 17. Listopadu 214 25101 Ricany"]
[Date "2016.09.01"]
[Round "7.6"]
[White "Postupa, Pavel"]
[Black "Kulhanek, Tomas"]
[Result "0-1"]
[WhiteElo "1982"]
[BlackElo "2364"]
[PlyCount "0"]
[EventDate "2016.09.01"]

1. e4 {[%clk 1:30:56]} d6 {[%clk 1:30:52]} 2. d4 {[%clk 1:31:12]} Nf6
{[%clk 1:31:16]} 3. Nc3 {[%clk 1:31:34]} g6 {[%clk 1:31:39]} 4. g3
{[%clk 1:31:42]} Bg7 {[%clk 1:31:53]} 5. Bg2 {[%clk 1:31:39]} O-O
{[%clk 1:32:06]} 6. Nge2 {[%clk 1:30:04]} c6 {[%clk 1:32:01]} 7. O-O
{[%clk 1:28:52]} Nbd7 {[%clk 1:31:39]} 8. a4 {[%clk 1:26:58]} e5 {[%clk 1:31:37]}
9. d5 {[%clk 1:26:49]} c5 {[%clk 1:26:01]} 10. Nb5 {[%clk 1:24:49]} Ne8
{[%clk 1:25:54]} 11. f4 {[%clk 1:18:13]} exf4 {[%clk 1:24:38]} 12. Nxf4
{[%clk 1:18:40]} Ne5 {[%clk 1:24:26]} 13. Nd3 {[%clk 1:14:28]} a6
{[%clk 1:22:24]} 14. Na3 {[%clk 1:13:27]} Bg4 {[%clk 1:18:01]} 15. Qd2
{[%clk 1:10:57]} b5 {[%clk 1:17:00]} 16. c3 {[%clk 1:05:49]} Bd7 {[%clk 1:10:06]}
17. Nxe5 {[%clk 0:57:03]} Bxe5 {[%clk 1:10:30]} 18. axb5 {[%clk 0:55:49]} axb5
{[%clk 1:10:55]} 19. Rb1 {[%clk 0:52:40]} f5 {[%clk 1:04:27]} 20. Qe2
{[%clk 0:50:44]} Nf6 {[%clk 0:58:50]} 21. Nc2 {[%clk 0:42:16]} Nxe4
{[%clk 0:48:45]} 22. Bxe4 {[%clk 0:36:34]} fxe4 {[%clk 0:49:07]} 23. Bh6
{[%clk 0:36:16]} Rxf1+ {[%clk 0:46:57]} 24. Rxf1 {[%clk 0:36:37]} Qe7
{[%clk 0:47:20]} 25. Qe3 {[%clk 0:33:59]} Bg7 {[%clk 0:44:17]} 26. Bf4
{[%clk 0:30:34]} Bh3 {[%clk 0:39:55]} 27. Re1 {[%clk 0:30:43]} Rf8
{[%clk 0:38:15]} 28. Qc1 {[%clk 0:26:05]} Qf6 {[%clk 0:36:32]} 0-1

[Event "O pohar mesta Ricany 2016"]
[Site "Kulturni centrum Labut, 17. Listopadu 214 25101 Ricany"]
[Date "2016.09.01"]
[Round "7.7"]
[White "Zvolensky, David"]
[Black "Svatos, Jan"]
[Result "0-1"]
[WhiteElo "1585"]
[BlackElo "2293"]
[PlyCount "0"]
[EventDate "2016.09.01"]

1. e4 {[%clk 1:30:58]} d5 {[%clk 1:30:55]} 2. exd5 {[%clk 1:31:23]} Nf6
{[%clk 1:31:22]} 3. Bb5+ {[%clk 1:31:39]} Bd7 {[%clk 1:31:45]} 4. Bc4
{[%clk 1:31:24]} Bg4 {[%clk 1:32:02]} 5. f3 {[%clk 1:30:42]} Bc8 {[%clk 1:32:25]}
6. Nc3 {[%clk 1:30:20]} g6 {[%clk 1:32:45]} 7. d4 {[%clk 1:29:38]} Bg7
{[%clk 1:28:39]} 8. Be3 {[%clk 1:29:25]} O-O {[%clk 1:28:50]} 9. Qd2
{[%clk 1:29:43]} Nbd7 {[%clk 1:28:46]} 10. Bh6 {[%clk 1:29:31]} Nb6
{[%clk 1:29:11]} 11. Bb3 {[%clk 1:29:55]} a5 {[%clk 1:27:33]} 12. Bxg7
{[%clk 1:29:57]} Kxg7 {[%clk 1:28:02]} 13. a3 {[%clk 1:29:40]} Nbxd5
{[%clk 1:26:00]} 14. Nxd5 {[%clk 1:29:51]} Nxd5 {[%clk 1:26:28]} 15. c4
{[%clk 1:29:45]} Nf6 {[%clk 1:26:46]} 16. Ne2 {[%clk 1:29:56]} Ra6
{[%clk 1:20:06]} 17. h4 {[%clk 1:29:02]} h5 {[%clk 1:18:54]} 18. O-O
{[%clk 1:26:42]} c5 {[%clk 1:16:36]} 19. Rfd1 {[%clk 1:25:07]} cxd4
{[%clk 1:07:01]} 20. Nxd4 {[%clk 1:25:05]} Qb6 {[%clk 1:02:02]} 21. Kh1
{[%clk 1:23:50]} Nd7 {[%clk 0:49:38]} 22. Nb5 {[%clk 1:19:13]} Qf6
{[%clk 0:48:41]} 23. Qf2 {[%clk 1:18:13]} Rc6 {[%clk 0:37:22]} 24. Ba2
{[%clk 1:13:48]} Ne5 {[%clk 0:30:56]} 25. Na7 {[%clk 1:08:44]} Re6
{[%clk 0:21:47]} 26. Nxc8 {[%clk 1:07:29]} Rxc8 {[%clk 0:22:13]} 27. c5
{[%clk 1:06:12]} Ng4 {[%clk 0:21:49]} 28. Qd4 {[%clk 1:05:55]} Re1+
{[%clk 0:21:31]} 29. Rxe1 {[%clk 1:05:49]} Qxd4 {[%clk 0:22:00]} 30. fxg4
{[%clk 1:06:17]} Qxg4 {[%clk 0:22:09]} 31. Re3 {[%clk 1:03:48]} Rxc5
{[%clk 0:22:06]} 0-1

[Event "O pohar mesta Ricany 2016"]
[Site "Kulturni centrum Labut, 17. Listopadu 214 25101 Ricany"]
[Date "2016.09.01"]
[Round "7.8"]
[White "Soural, Jan"]
[Black "Hradecky, Ivo"]
[Result "1-0"]
[WhiteElo "2222"]
[BlackElo "2051"]
[PlyCount "0"]
[EventDate "2016.09.01"]

1. d4 d5 2. c4 e6 3. Nc3 c6 4. e3 Nf6 5. Nf3 Nbd7 6. Bd3 dxc4 7. Bxc4 b5 8. Bd3
a6 9. e4 b4 10. Na4 c5 11. dxc5 Bxc5 12. O-O h6 13. Qc2 Be7 14. Bf4 O-O 15. Bc7
Qe8 16. Rac1 Bb7 17. Rfd1 Rc8 18. Qe2 Ne5 19. Nb6 Nxd3 20. Qxd3 Bxe4 21. Qxa6
Rxc7 22. Rxc7 Bd8 23. Rcc1 Nd5 24. Nxd5 Bxd5 25. Rd4 f5 26. Qd3 Qe7 27. Rxd5 exd5
28. Qxd5+ Kh8 29. Ne5 Qg5 30. f4 Qh5 31. Qd6 Re8 32. Kh1 Bf6 33. Re1 Rd8 34. Qxb4
Kh7 35. Qc3 Rd1 36. g4 Rxe1+ 37. Qxe1 fxg4 38. Qe4+ Kg8 39. Qd5+ Kh7 40. Qd3+ Kg8
41. Qc4+ Kh7 42. Qc2+ Kg8 43. Qc8+ Kh7 44. Qxg4 Qxg4 45. Nxg4 Bxb2 46. Kg2 Kg6
47. a4 Kf5 48. Kf3 Bc3 49. Ne3+ Ke6 50. Ke4 g5 51. f5+ Kd6 52. a5 h5 53. a6 Kc6
54. Nd5 Bg7 55. f6 Bh6 56. Kf5 g4 57. Nf4 Kd5 58. Ke4+ 1-0

[Event "O pohar mesta Ricany 2016"]
[Site "Kulturni centrum Labut, 17. Listopadu 214 25101 Ricany"]
[Date "2016.09.01"]
[Round "7.9"]
[White "Krivanek, Vladimir"]
[Black "Koper, Stefan"]
[Result "1-0"]
[WhiteElo "2109"]
[BlackElo "1917"]
[PlyCount "0"]
[EventDate "2016.09.01"]

1. e4 a6 2. d4 e6 3. Nf3 d5 4. e5 c5 5. c3 cxd4 6. cxd4 Bb4+ 7. Nc3 Nc6 8. Bd3
Nge7 9. O-O b5 10. a4 Bxc3 11. bxc3 b4 12. a5 bxc3 13. Ba3 Bd7 14. Qc2 Ng6
15. g3 Nce7 16. h4 Bb5 17. h5 Bxd3 18. Qxd3 Nf8 19. Qxc3 Nd7 20. Rfc1 O-O
21. Qc7 Re8 22. Rab1 Rc8 23. Qxd8 Rcxd8 24. Rb7 Nf5 25. Rcc7 Rc8 26. Rxc8 Rxc8
27. Rxd7 f6 28. Bc5 h6 29. g4 1-0

[Event "O pohar mesta Ricany 2016"]
[Site "Kulturni centrum Labut, 17. Listopadu 214 25101 Ricany"]
[Date "2016.09.01"]
[Round "7.10"]
[White "Steiner, Juraj"]
[Black "Skacel, Jan"]
[Result "0-1"]
[WhiteElo "2044"]
[BlackElo "2030"]
[PlyCount "0"]
[EventDate "2016.09.01"]

1. d4 d5 2. c4 e6 3. Nc3 Nf6 4. Bg5 c5 5. cxd5 cxd4 6. Qxd4 Be7 7. Nf3 exd5
8. e3 O-O 9. Qd2 Nc6 10. Rc1 Be6 11. Bb5 Qa5 12. Bxc6 bxc6 13. O-O Qa6 14. Qc2
c5 15. Rfd1 Rfd8 16. Rd2 h6 17. Bh4 Rac8 18. Rcd1 Qb7 19. Ne5 d4 20. exd4 cxd4
21. Rxd4 Rxd4 22. Rxd4 Bxa2 23. Nd7 g5 24. Qf5 Rxc3 25. bxc3 Be6 26. Qd3 Nxd7
27. Bg3 Bf6 28. Rd6 Kg7 29. f4 Nc5 30. Qc2 Qe4 31. Qd2 gxf4 32. Bxf4 Qb1+
33. Qd1 {dale necitelne} 0-1

[Event "O pohar mesta Ricany 2016"]
[Site "Kulturni centrum Labut, 17. Listopadu 214 25101 Ricany"]
[Date "2016.09.01"]
[Round "7.11"]
[White "Rastocny, Josef"]
[Black "Grecny, Karol"]
[Result "0-1"]
[WhiteElo "1908"]
[BlackElo "1934"]
[PlyCount "0"]
[EventDate "2016.09.01"]

1. d4 e6 2. Nf3 d5 3. c4 Nf6 4. Nc3 Be7 5. Bg5 O-O 6. e3 c6 7. Rc1 Nbd7 8. Qc2
dxc4 9. Bxc4 Nd5 10. Bxe7 Qxe7 11. O-O h6 12. Rfd1 Nxc3 13. Qxc3 b6 14. a3 Bb7
15. b4 a5 16. Bb3 axb4 17. axb4 Ra3 18. Nd2 b5 19. Nb1 Raa8 20. Nd2 Ra3 21. Ra1
Rfa8 22. Rxa3 Rxa3 23. Nb1 Ra8 24. Nd2 Ra3 25. Ne4 c5 26. Qb2 cxb4 27. Ng3 Nb6
28. Rc1 Na4 29. Qc2 Nc3 30. Qb2 h5 31. Nxh5 Be4 32. Nf4 g5 33. Nh3 Rxb3 34. Qxb3
Ne2+ 35. Kh1 Nxc1 36. Qd1 Nd3 0-1

[Event "O pohar mesta Ricany 2016"]
[Site "Kulturni centrum Labut, 17. Listopadu 214 25101 Ricany"]
[Date "2016.09.01"]
[Round "7.12"]
[White "Kunc, Jan"]
[Black "Skokan, Frantisek"]
[Result "1/2-1/2"]
[WhiteElo "1832"]
[BlackElo "1930"]
[PlyCount "0"]
[EventDate "2016.09.01"]

1. e4 e5 2. Nf3 Nc6 3. Bb5 a6 4. Ba4 Nf6 5. d3 b5 6. Bb3 Be7 7. c3 Na5 8. Nxe5
Nxb3 9. Qxb3 O-O 10. Nd2 c5 11. O-O Qc7 12. Nef3 d6 13. h3 c4 14. dxc4 Be6
15. Nd4 bxc4 16. Nxe6 fxe6 17. Qxc4 Qxc4 18. Nxc4 Nxe4 19. Be3 Rf5 20. Rfe1 Raf8
21. Re2 d5 22. Nd2 Nc5 23. Nf3 e5 24. Bxc5 Bxc5 25. Rxe5 Bxf2+ 26. Kh2 Rxe5
27. Nxe5 d4 28. c4 h5 29. Rd1 h4 30. Nd3 Bg3+ 31. Kg1 Rf6 32. b4 Kf7 33. a4 Ke7
34. b5 Kd8 35. bxa6 Rxa6 36. Nc5 Rb6 37. Rxd4+ Kc7 38. Rd1 Kc6 39. Nd3 Rb3
40. a5 Ra3 41. a6 Kb6 42. Kf1 Rxa6 43. Ke2 Ra4 44. c5+ Kc6 45. Rd2 Rc4 46. Rb2
Kd5 47. Ke3 Re4+ 48. Kd2 Rc4 49. Rc2 Rd4 50. Ke3 Re4+ 51. Kd2 Rd4 52. c6 Bc7
53. Ke3 Re4+ 54. Kf3 Ra4 55. Ke3 Re4+ 56. Kf3 1/2-1/2

[Event "O pohar mesta Ricany 2016"]
[Site "Kulturni centrum Labut, 17. Listopadu 214 25101 Ricany"]
[Date "2016.09.01"]
[Round "7.13"]
[White "Maslo, Ondrej"]
[Black "Voracek, Zdenek"]
[Result "0-1"]
[WhiteElo "1750"]
[BlackElo "1977"]
[PlyCount "0"]
[EventDate "2016.09.01"]

1. e4 Nf6 2. Nc3 d5 3. exd5 Nxd5 4. Bc4 e6 5. Nf3 c5 6. d4 Nxc3 7. bxc3 Be7
8. Be3 O-O 9. h4 Qa5 10. Qd2 cxd4 11. Bxd4 Nc6 12. Rb1 Nxd4 13. Nxd4 a6 14. Nb3
Qe5+ 15. Kf1 Rd8 16. Bd3 Bf6 17. Nd4 Qc7 18. f4 b5 19. g4 Bb7 20. Rh2 e5
21. fxe5 Bxe5 22. Re2 Bf4 23. Qe1 Bg3 24. Qd2 g6 25. Nf5 Be5 26. Qh6 gxf5
27. Bxf5 f6 28. Rxe5 fxe5 29. Bxh7+ Qxh7 30. Qg5+ Qg7 0-1

[Event "O pohar mesta Ricany 2016"]
[Site "Kulturni centrum Labut, 17. Listopadu 214 25101 Ricany"]
[Date "2016.09.01"]
[Round "7.14"]
[White "Vavrinec, Tomas"]
[Black "Hampel, Rudolf"]
[Result "1-0"]
[WhiteElo "1920"]
[BlackElo "1710"]
[PlyCount "0"]
[EventDate "2016.09.01"]

1. c4 c5 2. Nc3 Nc6 3. Nf3 Nf6 4. g3 g6 5. Bg2 Bg7 6. Rg1 (6. O-O O-O 7. d4
cxd4 8. Nxd4 Nxd4 9. Qxd4 d6 10. Qd3 Rb8 11. Be3 b6 12. Bd4 Bb7 13. e4 Qd7
14. Rfd1 Rfd8 15. Rac1 Rbc8 16. Qf1 Qe8 17. Bh3 Ra8 18. Qe2 Qc6 19. Bxf6 Bxf6
20. Nd5 Bg7 21. Nxe7+) 1-0

[Event "O pohar mesta Ricany 2016"]
[Site "Kulturni centrum Labut, 17. Listopadu 214 25101 Ricany"]
[Date "2016.09.01"]
[Round "7.15"]
[White "Otrubova, Kristyna"]
[Black "Lhotsky, Zdenek"]
[Result "0-1"]
[WhiteElo "1564"]
[BlackElo "1853"]
[PlyCount "0"]
[EventDate "2016.09.01"]

1. d4 Nf6 2. c4 e6 3. Nc3 Bb4 4. Qc2 O-O 5. Bg5 b6 6. a3 Bxc3+ 7. Qxc3 Bb7
8. e3 d6 9. Bd3 c5 10. Nf3 Nbd7 11. O-O Rc8 12. Qc2 h6 13. Bf4 Qe7 14. dxc5 Nxc5
15. Rfd1 e5 16. Bf5 exf4 17. Bxc8 Rxc8 18. Nd4 fxe3 19. Nf5 exf2+ 20. Qxf2 Qe6
21. Nxd6 Nce4 22. Nxe4 Qxe4 23. b3 Ng4 24. Qg3 Re8 25. h3 Nf6 26. Rf1 Qd4+
27. Kh2 Kh7 28. Rad1 Qb2 29. Rf2 Qxa3 30. Qd3+ Be4 31. Qc3 Bg6 32. Qf3 Qc5
33. Rfd2 h5 34. Rd6 Re3 0-1

[Event "O pohar mesta Ricany 2016"]
[Site "Kulturni centrum Labut, 17. Listopadu 214 25101 Ricany"]
[Date "2016.09.01"]
[Round "7.16"]
[White "Novotny, Martin"]
[Black "Stanek, Ondrej"]
[Result "1/2-1/2"]
[WhiteElo "1557"]
[BlackElo "1837"]
[PlyCount "0"]
[EventDate "2016.09.01"]

1. d4 Nf6 2. c4 g6 3. Nc3 d5 4. Nf3 Bg7 5. Qb3 c6 6. cxd5 cxd5 7. Bg5 Nc6 8. e3
e6 9. Bd3 O-O 10. O-O Qb6 11. Qxb6 axb6 12. a3 Bd7 13. Rfe1 h6 14. Bf4 Na5
15. Rab1 Nb3 16. Red1 Rfc8 17. Ne5 Be8 18. Bc2 Na5 19. Ba4 Nc4 20. Bxe8 Nxe8
21. Nxc4 Rxc4 22. Rbc1 Rac8 23. Kf1 Bf8 24. Ne2 g5 25. Bg3 b5 26. h3 b4 27. a4
b3 28. Rxc4 Rxc4 29. Rc1 Nd6 30. Bxd6 Bxd6 31. Rxc4 dxc4 32. Ke1 Bb4+ 33. Kd1
Kf8 34. Ng3 Ke7 35. Ne4 Kd7 36. Nd2 Bxd2 37. Kxd2 Kc6 38. Kc3 Kd5 39. f3 f5
40. a5 h5 41. e4+ fxe4 42. fxe4+ Kxe4 43. Kxc4 g4 44. h4 g3 45. Kxb3 Ke3 46. Kc4
Kf2 47. b4 Kxg2 48. b5 Kh3 49. a6 bxa6 50. bxa6 g2 51. a7 g1=Q 52. a8=Q Qc1+
53. Kd3 Qf1+ 54. Kc3 Qe1+ 55. Kc4 Kxh4 56. Qg2 Qc1+ 57. Kb4 Qf4 58. Qg7 Kh3
59. Kc4 Qc1+ 60. Kb4 h4 61. Qe5 Qd2+ 62. Kc4 Qc2+ 63. Kb4 Qd2+ 64. Kc4 Qa2+
65. Kb4 Qd5 66. Qe3+ Kg4 67. Qg1+ Kh5 68. Qd1+ Kh6 69. Qc1+ Kh7 70. Qc7+ Kg6
71. Qf4 Qg5 72. Qe4+ Kf6 73. Qh7 Qf4 74. Qh8+ Kf5 75. Qh7+ 1/2-1/2

[Event "O pohar mesta Ricany 2016"]
[Site "Kulturni centrum Labut, 17. Listopadu 214 25101 Ricany"]
[Date "2016.09.01"]
[Round "7.17"]
[White "Blumel, Otto"]
[Black "Civin, Dominik"]
[Result "1-0"]
[WhiteElo "2061"]
[BlackElo "1777"]
[PlyCount "0"]
[EventDate "2016.09.01"]

1. e4 e5 2. Nf3 Nc6 3. Nc3 Bc5 4. Nxe5 Bxf2+ 5. Kxf2 Nxe5 6. d4 Nc6 7. Bf4 d6
8. Bc4 Nf6 9. Rf1 Bg4 10. Qd2 O-O 11. Kg1 Na5 12. Bd3 c5 13. Bg5 cxd4 14. Nd5
Nc4 15. Qf4 Nxd5 16. exd5 Qc8 17. Bxc4 Qxc4 18. Qxg4 h5 19. Qg3 Qxc2 20. Bf6 g6
21. Qf4 Kh7 22. Bxd4 1-0

[Event "O pohar mesta Ricany 2016"]
[Site "Kulturni centrum Labut, 17. Listopadu 214 25101 Ricany"]
[Date "2016.09.01"]
[Round "7.18"]
[White "Hadrava, Jaroslav"]
[Black "Jirousek, Tadeas"]
[Result "1-0"]
[WhiteElo "1972"]
[BlackElo "1577"]
[PlyCount "0"]
[EventDate "2016.09.01"]

1. e4 e6 2. d4 d5 3. Nc3 Nf6 4. Bg5 Be7 5. e5 Nfd7 6. h4 a6 7. Qg4 Bxg5 8. hxg5
g6 9. Bd3 c5 10. Bxg6 fxg6 11. Qxe6+ Qe7 12. Qxe7+ Kxe7 13. Nxd5+ Kf8 14. e6 Nc6
15. exd7 Bxd7 16. Nf6 Ke7 17. dxc5 Bf5 18. O-O-O h6 19. g4 Be6 20. Nd5+ 1-0

[Event "O pohar mesta Ricany 2016"]
[Site "Kulturni centrum Labut, 17. Listopadu 214 25101 Ricany"]
[Date "2016.09.01"]
[Round "7.19"]
[White "Simak, Roman"]
[Black "Pribyl, Jaroslav"]
[Result "0-1"]
[WhiteElo "1650"]
[BlackElo "1960"]
[PlyCount "0"]
[EventDate "2016.09.01"]

1. d4 c5 2. Nf3 cxd4 3. Nxd4 g6 4. e4 Bg7 5. c3 Nc6 6. Nxc6 bxc6 7. Be3 Nf6
8. Nd2 O-O 9. Be2 d6 10. O-O Nd7 11. Qc2 a5 12. h3 Ba6 13. Bxa6 Rxa6 14. b3 Qa8
15. Rad1 c5 16. a4 Rb8 17. Rb1 Rab6 18. Nc4 R6b7 19. Na3 Rc8 20. Rbd1 Rbb8
21. Nc4 Rf8 22. f3 f5 23. Bg5 Rbe8 24. Rfe1 h6 25. Bd2 fxe4 26. fxe4 Kh7 27. Qd3
Ne5 28. Nxe5 Bxe5 29. Rf1 Rxf1+ 30. Rxf1 Rf8 31. Rf3 Rxf3 32. gxf3 Qf8 33. Kf2
Qf7 34. c4 Bd4+ 0-1

[Event "O pohar mesta Ricany 2016"]
[Site "Kulturni centrum Labut, 17. Listopadu 214 25101 Ricany"]
[Date "2016.09.01"]
[Round "7.20"]
[White "Martinec, Karel"]
[Black "Pivonka, Michael"]
[Result "0-1"]
[WhiteElo "1889"]
[BlackElo "1692"]
[PlyCount "0"]
[EventDate "2016.09.01"]

1. Nf3 d5 2. d4 Nf6 3. g3 Bf5 4. Bg2 c6 5. b3 e6 6. O-O Bd6 7. Bb2 O-O 8. Nbd2
Nbd7 9. Ne5 Ng4 10. Nxg4 Bxg4 11. f3 Bh5 12. e4 Qb6 13. Kh1 f5 14. e5 Be7 15. c4
c5 16. dxc5 Bxc5 17. cxd5 exd5 18. Qc2 f4 19. Bh3 Rad8 20. Rad1 Nb8 21. Bf5 fxg3
22. hxg3 Qh6 0-1